Šťastná za všech okolností /
Autobiografické příběhy známé české spisovatelky a herečky, psané jakoby pod heslem "nic není tak černé, aby se na to nešlo dívat růžovými brýlemi", jsou plné nezměrné vitality, elánu a optimismu a potvrzují, že "život je dar, štěstí je volba".
Uloženo v:
| Hlavní autor: | |
|---|---|
| Další autoři: | |
| Médium: | E-audiokniha |
| Jazyk: | Czech |
| Vydáno: |
Praha :
Voxi,
[2022]
|
| Témata: | |
| Tagy: |
Žádné tagy |
| LEADER | 03830nim a2200841 i 4500 | ||
|---|---|---|---|
| 001 | 313140 | ||
| 003 | CZ PrSKC | ||
| 005 | 20260601215736.0 | ||
| 007 | sd fungnnmmned | ||
| 008 | 221205t20222022xr nnnng ah n cze | ||
| 015 | |a cnb003475903 | ||
| 024 | 3 | |a 8594050434721 | |
| 040 | |a ABA001 |b cze |e rda | ||
| 043 | |a e-xr--- | ||
| 045 | |a x3y2 | ||
| 072 | 7 | |a 821.162.3-3 |x Česká próza |2 Konspekt | |
| 072 | 7 | |a 929 |x Biografie |2 Konspekt | |
| 080 | |a 821.162.3-32 |2 MRF | ||
| 080 | |a 791/792.071.2-055.2 |2 MRF | ||
| 080 | |a 929 |2 MRF | ||
| 080 | |a (437.3) |2 MRF | ||
| 080 | |a (0:82-32) |2 MRF | ||
| 080 | |a (0:82-94) |2 MRF | ||
| 080 | |a (086.7)08 |2 MRF | ||
| 080 | |a (086.76) |2 MRF | ||
| 100 | 1 | |a Devátá, Ivanka, |d 1935- |7 jn19990209138 |4 aut | |
| 245 | 1 | 0 | |a Šťastná za všech okolností / |c Ivanka Devátá |
| 264 | 1 | |a Praha : |b Voxi, |c [2022] | |
| 264 | 4 | |c ©2022 | |
| 300 | |a 1 audiodisk (5 hod., 27 min.) ; |c 12 cm | ||
| 306 | |a 052700 | ||
| 336 | |a mluvené slovo |b spw |2 rdacontent | ||
| 337 | |a audio |b s |2 rdamedia | ||
| 338 | |a audiodisk |b sd |2 rdacarrier | ||
| 344 | |a digital |b optical |2 rda | ||
| 347 | |a audio soubor |b MP3 |2 rda | ||
| 500 | |a Název z disku | ||
| 500 | |a Copyright Albatros Media | ||
| 500 | |a Nezkrácená audiokniha ve formátu MP3 | ||
| 500 | |a Podle stejnojmenné knihy vydané nakladatelstvím Motto v roce 2021 | ||
| 511 | 0 | |a Čte Pavla Tomicová | |
| 520 | 2 | |a Autobiografické příběhy známé české spisovatelky a herečky, psané jakoby pod heslem "nic není tak černé, aby se na to nešlo dívat růžovými brýlemi", jsou plné nezměrné vitality, elánu a optimismu a potvrzují, že "život je dar, štěstí je volba". |b Úspěšná herečka a ještě úspěšnější spisovatelka Ivanka Devátá se po letech odhodlala k sepsání autobiografie, které se tak dlouho bránila. I když její život nebyl vždycky šťastný, i když i ji potkávaly problémy, zrady a zklamání, i když i jí bylo často spíš do breku než do smíchu, její talent na štěstí vždycky zvítězil. Nakladatelská anotace. Kráceno. | |
| 600 | 1 | 7 | |a Devátá, Ivanka, |d 1935- |7 jn19990209138 |2 czenas |
| 648 | 7 | |a 20.-21. století |7 ch462155 |2 czenas | |
| 650 | 0 | 7 | |a herečky |7 ph120685 |z Česko |y 20.-21. století |2 czenas |
| 655 | 7 | |a české příběhy |7 fd133973 |2 czenas | |
| 655 | 7 | |a autobiografické vzpomínky |7 fd131854 |2 czenas | |
| 655 | 7 | |a audioknihy |7 fd119452 |2 czenas | |
| 655 | 7 | |a kompaktní disky |7 fd201991 |2 czenas | |
| 700 | 1 | |a Tomicová, Pavla, |d 1962- |7 js20060428010 |4 nrt | |
| 900 | |a ABA001 |b 18 | ||
| 044 | |a xr | ||
| 505 | 0 | 0 | |t Ano Narodila Jsem Se (8 min., 58 sek.) |
| 505 | 0 | 0 | |t Maminka Tatinek A Spol (16 min., 29 sek.) |
| 505 | 0 | 0 | |t Brno Poprve (6 min., 41 sek.) |
| 505 | 0 | 0 | |t Dva Roky V Chrudimi (10 min., 49 sek.) |
| 505 | 0 | 0 | |t Veran Porsu Pozor Kousu (11 min., 5 sek.) |
| 505 | 0 | 0 | |t Opet V Brne (21 min., 13 sek.) |
| 505 | 0 | 0 | |t Bratr Jirka (7 min., 38 sek.) |
| 505 | 0 | 0 | |t Holky A Kluci (17 min., 49 sek.) |
| 505 | 0 | 0 | |t Plzen A Smrt Stalina (19 min., 7 sek.) |
| 505 | 0 | 0 | |t Dama Z Damu (31 min., 51 sek.) |
| 505 | 0 | 0 | |t Realisticke Divadlo (16 min., 1 sek.) |
| 505 | 0 | 0 | |t Prvni Manzelstvi (27 min., 52 sek.) |
| 505 | 0 | 0 | |t Vinklar Premiera (24 min., 48 sek.) |
| 505 | 0 | 0 | |t Vasen (27 min., 31 sek.) |
| 505 | 0 | 0 | |t Vinklar Repriza (40 min., 21 sek.) |
| 505 | 0 | 0 | |t Terapie (8 min., 0 sek.) |
| 505 | 0 | 0 | |t Moji Chlapeckove (15 min., 15 sek.) |
| 505 | 0 | 0 | |t Stastne Finale (14 min., 59 sek.) |
| 910 | |a RBIT002 | ||
| 998 | |d 362436 |a https://core.palmknihy.cz/api/books/362436/cover?slef0h |b https://core.palmknihy.cz/api/books/362436/cover/400?slef0h |c https://core.palmknihy.cz/api/books/362436/cover/50?slef0h |e 2028-12-31 |i 8594050434721 |l 19620 |q 49 |r 1 |s https://www.palmknihy.cz/kniha/362436 |t audiobook |y 2022 |z 0 | ||
| 999 | |d 313138 | ||